000 00762nam a22002417a 4500
003 PE SENCICO BE
005 20251020182626.0
008 230217b |||||||| |||| 00| 0 eng d
020 _a978-3-8365-6033-7
040 _aPE SENCICO BE
_cPE SENCICO BE
041 _aspa
082 _a720.92
_bC68
100 1 _9619
_aCohen, Jean-Louis
245 1 _aLe Corbusier, 1887-1965 :
_bel lirilismo de la arquitectura en la era mecánica /
_cJean-Louis Cohen
250 _a[1a ed.]
260 _aKoln:
_bTashen,
_c2017
300 _a96 p. :
_bil. col., diagrs.,
_c26 cm.
600 1 0 _9386
_aLe Corbusier
650 1 4 _9282
_aArquitectos
650 2 4 _9191
_aArquitectura moderna
910 _bhfp
_chfp
942 _2ddc
_cLIB
_h720.92
_iC68L
999 _c3836
_d3836